Practical Biochemistry for Medical Students (Record no. 9748)

MARC details
000 -LEADER
fixed length control field 00335nam a22001217a 4500
008 - FIXED-LENGTH DATA ELEMENTS--GENERAL INFORMATION
fixed length control field 231129b |||||||| |||| 00| 0 eng d
082 ## - DEWEY DECIMAL CLASSIFICATION NUMBER
Classification number 621 ALA
100 ## - MAIN ENTRY--PERSONAL NAME
Personal name Alam, Jafar.
245 ## - TITLE STATEMENT
Title Practical Biochemistry for Medical Students
260 ## - PUBLICATION, DISTRIBUTION, ETC.
Place of publication, distribution, etc. Chittagong :
Name of publisher, distributor, etc. Rohena Begum,
Date of publication, distribution, etc. 1975.
300 ## - PHYSICAL DESCRIPTION
Extent vii. 181 p:
Other physical details ill,
Dimensions 23.7 Cm.
942 ## - Added entry Elements (Koha)
Source of classification or shelving scheme Dewey Decimal Classification
Holdings
Withdrawn status Lost status Source of classification or shelving scheme Damaged status Not for loan Collection code Home library Current library Shelving location Date acquired Serial Enumeration / chronology Total Checkouts Full call number Barcode Date last seen Price effective from Koha item type
    Dewey Decimal Classification     Main TEST RTC Library RTC Library Main opac 29/11/2023 177979   612 ALA 30018945 29/11/2023 29/11/2023 Main
Royal Thimphu College || All Right Reserved